[Event "ESP-ch U18"]
[Site "Mondariz"]
[Date "2005.10.02"]
[Round "8"]
[White "Pena Dieguez, Manuel"]
[Black "Cuenca Jimenez, Jose Fernando"]
[Result "0-1"]
[WhiteElo "2041"]
[BlackElo "2351"]
[PlyCount "124"]
[EventDate "2005.09.27"]
[EventType "swiss"]
[EventRounds "9"]
[EventCountry "ESP"]
[SourceTitle "CBM 108 Extra"]
[Source "ChessBase"]
[SourceDate "2005.11.04"]
[SourceVersion "1"]
[SourceVersionDate "2005.11.04"]
[SourceQuality "1"]

1. e4 e5 2. Nf3 Nc6 3. Bb5 Nf6 4. O-O Nxe4 5. d4 Nd6 6. Bxc6 dxc6 7. dxe5 Ne4
8. Qe2 Bf5 9. Rd1 Qc8 10. Nd4 Bc5 11. f3 Bxd4+ 12. Rxd4 Nc5 13. g4 Bd7 14. Qd1
h5 15. b4 Ne6 16. Rd3 hxg4 17. fxg4 c5 18. bxc5 Nxc5 19. Rg3 Ne4 20. e6 Nxg3
21. exd7+ Qxd7 22. Qxd7+ Kxd7 23. hxg3 Rae8 24. Nc3 Re1+ 25. Kf2 Reh1 26. Bb2
R8h2+ 27. Ke3 Rxa1 28. Bxa1 Rxc2 29. Kd3 Rg2 30. Ne2 g6 31. Bd4 Rh2 32. a4 b6
33. Bg1 Rh8 34. Nc3 Re8 35. Ne4 Kc6 36. Ng5 Re7 37. Kc4 f6 38. Nf3 Re4+ 39.
Nd4+ Kd7 40. Kd5 Rxg4 41. Bf2 c5 42. Ne6 Rxa4 43. Nf8+ Kc7 44. Nxg6 a5 45. Nf4
Ra2 46. Be1 Rc2 47. Ne6+ Kb7 48. Nd8+ Ka6 49. Kc6 Re2 50. Bc3 a4 51. Nf7 a3 52.
Nd6 a2 53. Nb5 Re6+ 54. Nd6 Re3 55. Bxf6 Re1 56. g4 a1=Q 57. Bxa1 Rxa1 58. Nc4
b5 59. Nd6 b4 60. g5 b3 61. Nc4 Rc1 62. Kd5 Rxc4 0-1

[Event "ESP-ch Universities"]
[Site "Madrid"]
[Date "2006.05.06"]
[Round "1"]
[White "Cuenca Jimenez, Jose Fernando"]
[Black "Lanza Pena, Alberto"]
[Result "1-0"]
[WhiteElo "2417"]
[BlackElo "2098"]
[PlyCount "83"]
[EventDate "2006.05.06"]
[EventType "team"]
[EventRounds "8"]
[EventCountry "ESP"]
[SourceTitle "CBM 112 Extra"]
[Source "ChessBase"]
[SourceDate "2006.07.14"]
[SourceVersion "1"]
[SourceVersionDate "2006.07.14"]
[SourceQuality "1"]

1. e4 c5 2. Nf3 d6 3. d4 cxd4 4. Nxd4 Nf6 5. Nc3 g6 6. Be3 Bg7 7. Bc4 O-O 8. f3
Nc6 9. Bb3 Bd7 10. Qd2 Qa5 11. O-O-O Rfc8 12. g4 Ne5 13. h4 Nc4 14. Bxc4 Rxc4
15. h5 Rac8 16. Nb3 Qa6 17. e5 Ne8 18. hxg6 fxg6 19. Qh2 h5 20. Bd4 Rxd4 21.
Nxd4 Rxc3 22. bxc3 Bxe5 23. f4 Bxd4 24. Rxd4 Qa3+ 25. Kd2 Bxg4 26. Re1 Kf7 27.
Qg2 Qa6 28. Qf1 Qxf1 29. Rxf1 Bd7 30. Rg1 Nf6 31. c4 Bc6 32. Rd3 Ng4 33. Rdg3
e5 34. Rxg4 hxg4 35. Rxg4 e4 36. Rg5 Kf6 37. Kc3 b6 38. Kd4 Bb7 39. a4 Bc6 40.
a5 Bb7 41. axb6 axb6 42. Rb5 1-0

[Event "ESP-ch Universities"]
[Site "Madrid"]
[Date "2006.05.06"]
[Round "2"]
[White "Martinez Lozano, Miguel Angel"]
[Black "Cuenca Jimenez, Jose Fernando"]
[Result "0-1"]
[WhiteElo "2177"]
[BlackElo "2417"]
[PlyCount "102"]
[EventDate "2006.05.06"]
[EventType "team"]
[EventRounds "8"]
[EventCountry "ESP"]
[SourceTitle "CBM 112 Extra"]
[Source "ChessBase"]
[SourceDate "2006.07.14"]
[SourceVersion "1"]
[SourceVersionDate "2006.07.14"]
[SourceQuality "1"]

1. e4 e6 2. d4 d5 3. Nc3 Nf6 4. Bg5 dxe4 5. Nxe4 Be7 6. Bxf6 gxf6 7. Nf3 a6 8.
Bd3 f5 9. Ng3 c5 10. dxc5 Qa5+ 11. c3 Qxc5 12. O-O h5 13. h3 h4 14. Ne2 e5 15.
Bc2 Be6 16. Bb3 Nc6 17. Bxe6 fxe6 18. Qb3 Qd5 19. Qxb7 Nd4 20. Qxd5 Nxe2+ 21.
Kh1 exd5 22. Nxe5 Nf4 23. Rfe1 Rh7 24. Rad1 Rg7 25. Rd4 Ng6 26. Nxg6 Rxg6 27.
Rxd5 Rf6 28. Ree5 Rd8 29. Rxd8+ Kxd8 30. g3 Bd6 31. Rd5 hxg3 32. fxg3 Kc7 33.
Kg2 Rg6 34. Rd3 Kc6 35. a4 Kc5 36. b3 Be5 37. Kf2 Rb6 38. Re3 Bg7 39. b4+ Kc4
40. a5 Rd6 41. Rf3 Rd5 42. Rf4+ Kxc3 43. g4 fxg4 44. Rxg4 Bd4+ 45. Kf3 Kxb4 46.
Ke4 Kc4 47. Rg6 Re5+ 48. Kf4 Rxa5 49. h4 Ra1 50. h5 a5 51. h6 Rh1 0-1

[Event "ESP-ch Universities"]
[Site "Madrid"]
[Date "2006.05.06"]
[Round "3"]
[White "Cuenca Jimenez, Jose Fernando"]
[Black "Dougan Maho, Harold"]
[Result "1-0"]
[WhiteElo "2417"]
[BlackElo "2229"]
[PlyCount "73"]
[EventDate "2006.05.06"]
[EventType "team"]
[EventRounds "8"]
[EventCountry "ESP"]
[SourceTitle "CBM 112 Extra"]
[Source "ChessBase"]
[SourceDate "2006.07.14"]
[SourceVersion "1"]
[SourceVersionDate "2006.07.14"]
[SourceQuality "1"]

1. c4 c6 2. e4 d6 3. d4 Nf6 4. Nc3 g6 5. Nf3 Bg7 6. g3 Bg4 7. Bg2 O-O 8. h3
Bxf3 9. Bxf3 e5 10. d5 Qc7 11. O-O a5 12. Bg2 Nbd7 13. Be3 Rfd8 14. Qd2 Nb6 15.
b3 Nfd7 16. Rfc1 Nc5 17. Rab1 Qd7 18. Qe2 Rac8 19. a3 Qc7 20. b4 axb4 21. axb4
Nca4 22. Nxa4 Nxa4 23. c5 Qb8 24. Qa2 Qa7 25. cxd6 Qa8 26. dxc6 bxc6 27. Ra1
Rxd6 28. Qxa4 Qb7 29. Qa6 Qd7 30. Qc4 Re6 31. b5 c5 32. Rd1 Qb7 33. Ra6 Ree8
34. Rad6 Rf8 35. R1d5 Rfe8 36. Rd7 Qa8 37. Rxc5 1-0

[Event "ESP-ch Universities"]
[Site "Madrid"]
[Date "2006.05.07"]
[Round "4"]
[White "Navarro Cia, Miguel"]
[Black "Cuenca Jimenez, Jose Fernando"]
[Result "0-1"]
[WhiteElo "2350"]
[BlackElo "2417"]
[PlyCount "104"]
[EventDate "2006.05.06"]
[EventType "team"]
[EventRounds "8"]
[EventCountry "ESP"]
[SourceTitle "CBM 112 Extra"]
[Source "ChessBase"]
[SourceDate "2006.07.14"]
[SourceVersion "1"]
[SourceVersionDate "2006.07.14"]
[SourceQuality "1"]

1. e4 e6 2. d4 d5 3. Nc3 Nf6 4. Bg5 dxe4 5. Nxe4 Be7 6. Bxf6 gxf6 7. Nf3 a6 8.
Qd2 f5 9. Nc3 c5 10. d5 Bf6 11. O-O-O O-O 12. g4 Kh8 13. gxf5 exf5 14. Rg1 Bg7
15. Qe3 Nd7 16. Bd3 Qf6 17. Rg2 Bh6 18. Ng5 c4 19. f4 cxd3 20. Rxd3 b5 21. Ne2
Bb7 22. Ng3 Bxg5 23. Nh5 Qe7 24. Rxg5 Qxe3+ 25. Rxe3 Bxd5 26. Rxf5 Be6 27. Rg5
Rg8 28. h4 h6 29. f5 Rxg5 30. hxg5 Bxf5 31. gxh6 Kh7 32. Ng3 Be6 33. Ne4 Kxh6
34. Re2 Kg7 35. Rd2 Kf8 36. b3 Ke7 37. Kb2 f5 38. Ng5 Rg8 39. Nf3 Nf6 40. Nd4
Ne4 41. Rh2 Bd7 42. Rh7+ Kd6 43. Rf7 Rg5 44. Rh7 Rg2 45. Rf7 Rf2 46. Ka3 a5 47.
Kb2 b4 48. a3 Nc3 49. axb4 axb4 50. Kc1 Rf1+ 51. Kd2 Rd1+ 52. Ke3 Nd5+ 0-1

[Event "ESP-ch Universities"]
[Site "Madrid"]
[Date "2006.05.07"]
[Round "5"]
[White "Cuenca Jimenez, Jose Fernando"]
[Black "Baches Garcia, Guillermo"]
[Result "1-0"]
[WhiteElo "2417"]
[BlackElo "2379"]
[PlyCount "71"]
[EventDate "2006.05.06"]
[EventType "team"]
[EventRounds "8"]
[EventCountry "ESP"]
[SourceTitle "CBM 112 Extra"]
[Source "ChessBase"]
[SourceDate "2006.07.14"]
[SourceVersion "1"]
[SourceVersionDate "2006.07.14"]
[SourceQuality "1"]

1. c4 e5 2. g3 Nc6 3. Bg2 Bc5 4. Nc3 a6 5. e3 d6 6. Nge2 Ba7 7. d3 Nge7 8. Rb1
Be6 9. Nd5 Qd7 10. b4 O-O 11. O-O Rae8 12. a4 Nd8 13. b5 axb5 14. axb5 Nxd5 15.
cxd5 Bh3 16. e4 f6 17. Kh1 Nf7 18. Ng1 Bxg2+ 19. Kxg2 Ra8 20. Qc2 Bc5 21. Bd2
Ra7 22. Bc3 Rfa8 23. Rb2 Ra4 24. Rfb1 f5 25. h4 Nh6 26. f3 f4 27. gxf4 exf4 28.
d4 Rxd4 29. Ne2 Ng4 30. Bxd4 Bxd4 31. fxg4 Qxg4+ 32. Kf1 Be3 33. Nc3 Ra3 34.
Rb3 f3 35. Qh2 f2 36. Qg2 1-0

[Event "ESP-ch Universities"]
[Site "Madrid"]
[Date "2006.05.07"]
[Round "6"]
[White "Llanes Hurtado, Miguel"]
[Black "Cuenca Jimenez, Jose Fernando"]
[Result "1/2-1/2"]
[WhiteElo "2435"]
[BlackElo "2417"]
[PlyCount "106"]
[EventDate "2006.05.06"]
[EventType "team"]
[EventRounds "8"]
[EventCountry "ESP"]
[SourceTitle "CBM 112 Extra"]
[Source "ChessBase"]
[SourceDate "2006.07.14"]
[SourceVersion "1"]
[SourceVersionDate "2006.07.14"]
[SourceQuality "1"]

1. d4 Nf6 2. Nf3 g6 3. c4 c5 4. Nc3 cxd4 5. Nxd4 Nc6 6. e4 Bg7 7. Be3 O-O 8.
Be2 d6 9. O-O Bd7 10. Qd2 Nxd4 11. Bxd4 Bc6 12. f3 a5 13. b3 Nd7 14. Be3 Nc5
15. Rab1 Be5 16. Nd1 f5 17. exf5 gxf5 18. Nf2 f4 19. Bd4 Bxd4 20. Qxd4 e5 21.
Qc3 Ne6 22. Rfd1 Nd4 23. Rxd4 exd4 24. Qxd4 Qf6 25. Rd1 Qxd4 26. Rxd4 Rf6 27.
Nd3 Raf8 28. Kf2 R8f7 29. a3 Kf8 30. b4 axb4 31. axb4 b6 32. b5 Bb7 33. Nb4 Kg7
34. Bd3 Re6 35. Bf1 Rf8 36. Nd3 Ref6 37. Be2 Kh6 38. Nb4 Kg7 39. Nd3 h5 40. h4
R8f7 41. Nb4 Kf8 42. Bd3 Re6 43. Bf1 Ke7 44. Nd3 Ref6 45. Be2 Ke6 46. Bf1 Ke7
47. Nb4 Rf8 48. Nd3 Bc8 49. Nb4 Be6 50. Nc6+ Kd7 51. Ne5+ Kc7 52. Nd3 Rf5 53.
Be2 Kd7 1/2-1/2

[Event "ESP-ch Universities"]
[Site "Madrid"]
[Date "2006.05.08"]
[Round "7"]
[White "Cuenca Jimenez, Jose Fernando"]
[Black "Almagro Llamas, Pablo"]
[Result "1/2-1/2"]
[WhiteElo "2417"]
[BlackElo "2340"]
[PlyCount "133"]
[EventDate "2006.05.06"]
[EventType "team"]
[EventRounds "8"]
[EventCountry "ESP"]
[SourceTitle "CBM 112 Extra"]
[Source "ChessBase"]
[SourceDate "2006.07.14"]
[SourceVersion "1"]
[SourceVersionDate "2006.07.14"]
[SourceQuality "1"]

1. e4 c6 2. c4 d5 3. exd5 cxd5 4. cxd5 Nf6 5. Nc3 Nxd5 6. Nf3 Nc6 7. Bb5 e6 8.
O-O Be7 9. d4 O-O 10. Re1 Bd7 11. a3 Rc8 12. Bd3 Re8 13. Ne4 Nf6 14. Qe2 Nxe4
15. Qxe4 g6 16. Bh6 Bf6 17. Rad1 e5 18. d5 Ne7 19. g4 Qa5 20. Nxe5 Bxe5 21. Bd2
Qxd5 22. Qxe5 Qxe5 23. Rxe5 Bxg4 24. Rde1 Be6 25. Bg5 Nc6 26. R5e3 Kg7 27. Rf3
f5 28. Bd2 Bd5 29. Bc3+ Kf7 30. Rfe3 Rxe3 31. Rxe3 Re8 32. Rxe8 Kxe8 33. h4 Kd7
34. Kh2 Ke6 35. Kg3 Ne5 36. Be2 h6 37. f4 Nf7 38. Bd3 Nd6 39. h5 gxh5 40. Bg7
Ne4+ 41. Kh4 Kf7 42. Bd4 a6 43. Kxh5 b5 44. Kxh6 Bc4 45. Bc2 Bd5 46. Bd1 Ke6
47. Kg7 Nd2 48. Bh5 Ne4 49. Bf7+ Kd6 50. Bg6 Be6 51. Kf8 Kd5 52. Be5 Nc5 53.
Ke7 Bc8 54. Be8 Nd3 55. Kf6 Ke4 56. Bc6+ Ke3 57. Bc7 Nxf4 58. Bb6+ Kd2 59. Ke7
Kc2 60. Kd8 Be6 61. Bb7 Nd5 62. Ba5 Kxb2 63. Bxa6 Kxa3 64. Bxb5 Kb3 65. Bc6 Nb4
66. Bf3 Bd5 67. Bxb4 1/2-1/2

[Event "ESP-ch Universities"]
[Site "Madrid"]
[Date "2006.05.08"]
[Round "8"]
[White "Ibarra Jerez, Jose Carlos"]
[Black "Cuenca Jimenez, Jose Fernando"]
[Result "0-1"]
[WhiteElo "2445"]
[BlackElo "2417"]
[PlyCount "208"]
[EventDate "2006.05.06"]
[EventType "team"]
[EventRounds "8"]
[EventCountry "ESP"]
[SourceTitle "CBM 112 Extra"]
[Source "ChessBase"]
[SourceDate "2006.07.14"]
[SourceVersion "1"]
[SourceVersionDate "2006.07.14"]
[SourceQuality "1"]

1. e4 e6 2. d4 d5 3. Nd2 Nc6 4. Ngf3 Nf6 5. e5 Nd7 6. Be2 Be7 7. Nf1 f6 8. exf6
Bxf6 9. Ne3 O-O 10. O-O Ne7 11. Ng4 Nf5 12. c3 Nh4 13. Re1 Be7 14. g3 Nxf3+ 15.
Bxf3 Nf6 16. Bf4 Bd6 17. Be5 Bd7 18. Kg2 Ne4 19. h4 Qe8 20. c4 h5 21. Bxd6 cxd6
22. Ne3 Qf7 23. Qe2 Rae8 24. Rad1 Bc6 25. Bxe4 dxe4 26. Rd2 Qg6 27. b4 b6 28.
d5 exd5 29. cxd5 Bd7 30. Rc1 Rf7 31. Rdc2 Ref8 32. Qe1 Rf3 33. Rd2 Qf6 34. Rc7
Bg4 35. Rc4 Rxe3 36. fxe3 Qf3+ 37. Kh2 Bd7 38. Rcc2 Qg4 39. Kg1 Bb5 40. Re2 Rf3
41. Kh2 Bxe2 42. Rxe2 Rxg3 43. Qxg3 Qxe2+ 44. Kg1 Qd1+ 45. Kh2 Qd2+ 46. Kh3
Qxd5 47. Qg6 Qe5 48. b5 Qxb5 49. Qxe4 Qd7+ 50. Kh2 d5 51. Qe5 Qf7 52. Kg3 Qg6+
53. Kh2 Qc2+ 54. Kg3 Qe4 55. Qg5 b5 56. Kf2 Qc2+ 57. Kg3 Qe4 58. Kf2 Qc2+ 59.
Kg3 Qd1 60. Kf2 b4 61. Qe7 Qc2+ 62. Kf1 Qf5+ 63. Ke1 Qb1+ 64. Kf2 Qxa2+ 65. Kf3
Qa4 66. Qe6+ Kf8 67. Qf5+ Ke7 68. Qe5+ Kd7 69. Qxd5+ Kc7 70. Qe5+ Kb7 71. Qxg7+
Kc8 72. Qf8+ Kd7 73. Qf7+ Kd8 74. Qf6+ Kc7 75. Qe5+ Kc8 76. Qc5+ Kb7 77. Qe7+
Kb6 78. Qd8+ Kc5 79. Qd4+ Kc6 80. Qf6+ Kd7 81. Qf7+ Kd8 82. Qf6+ Kc8 83. Qf8+
Kc7 84. Qe7+ Qd7 85. Qxb4 Qf5+ 86. Kg3 a5 87. Qe7+ Kc6 88. Qe8+ Kc5 89. Qe7+
Kc4 90. e4 Qc5 91. Qf7+ Kb4 92. Qb7+ Kc3 93. Qd5 Qe3+ 94. Kg2 Qe2+ 95. Kg1 a4
96. Qe5+ Kb3 97. Qd5+ Qc4 98. Qd1+ Kb4 99. Qb1+ Kc5 100. e5 a3 101. e6 a2 102.
Qf5+ Kb4 103. Qf6 Qc1+ 104. Kf2 a1=Q 0-1

[Event "Olomouc Inline Czechia Cup"]
[Site "Olomouc"]
[Date "2006.08.02"]
[Round "1"]
[White "Cuenca Jimenez, Jose Fernando"]
[Black "Gavrilov, Alexei V"]
[Result "0-1"]
[WhiteElo "2417"]
[BlackElo "2451"]
[PlyCount "74"]
[EventDate "2006.08.02"]
[EventType "tourn"]
[EventRounds "11"]
[EventCountry "CZE"]
[EventCategory "3"]
[SourceTitle "CBM 113 Extra"]
[Source "ChessBase"]
[SourceDate "2006.09.14"]
[SourceVersion "1"]
[SourceVersionDate "2006.09.14"]
[SourceQuality "1"]

1. c4 e5 2. g3 Nf6 3. Bg2 c6 4. d4 Bb4+ 5. Bd2 Bxd2+ 6. Qxd2 d6 7. Nc3 O-O 8.
e3 Be6 9. b3 exd4 10. Qxd4 d5 11. cxd5 Nxd5 12. Nxd5 Bxd5 13. Bxd5 cxd5 14. Ne2
Nc6 15. Qd2 Ne5 16. Nd4 Qd7 17. O-O Qh3 18. f4 Ng4 19. f5 Rfe8 20. Rf4 Rac8 21.
Re1 h6 22. Nf3 Rc7 23. Nd4 a6 24. Ref1 Rec8 25. Qe2 Rc1 26. Qd2 R8c3 27. f6
Nxe3 28. Rxc1 Rxc1+ 29. Kf2 Nd1+ 30. Kf3 h5 31. Ke2 Qxh2+ 32. Kd3 Rc3+ 33. Qxc3
Nxc3 34. Kxc3 Qxg3+ 35. Rf3 Qe1+ 36. Kd3 Qe4+ 37. Kc3 g5 0-1

[Event "Olomouc Inline Czechia Cup"]
[Site "Olomouc"]
[Date "2006.08.03"]
[Round "2"]
[White "Cuenca Jimenez, Jose Fernando"]
[Black "Garrido Dominguez, Jesus"]
[Result "1/2-1/2"]
[WhiteElo "2417"]
[BlackElo "2341"]
[PlyCount "63"]
[EventDate "2006.08.02"]
[EventType "tourn"]
[EventRounds "11"]
[EventCountry "CZE"]
[EventCategory "3"]
[SourceTitle "CBM 113 Extra"]
[Source "ChessBase"]
[SourceDate "2006.09.14"]
[SourceVersion "1"]
[SourceVersionDate "2006.09.14"]
[SourceQuality "1"]

1. d4 Nf6 2. Nf3 g6 3. g3 Bg7 4. Bg2 O-O 5. O-O c6 6. a4 d5 7. c4 Na6 8. Nc3
Nc7 9. Bf4 dxc4 10. e4 Nfe8 11. h3 b5 12. axb5 cxb5 13. d5 Bb7 14. Be3 a6 15.
Bc5 Rc8 16. Bb4 Nf6 17. Nd4 Re8 18. h4 e5 19. Nc2 Bf8 20. Bh3 Rb8 21. d6 Ne6
22. Re1 Ra8 23. Nd5 a5 24. Bxa5 Rxa5 25. Nxf6+ Qxf6 26. Rxa5 Rd8 27. Rxb5 Rxd6
28. Qc1 Bc6 29. Ra5 Nd4 30. Nxd4 Rxd4 31. Ra6 Bc5 32. Re2 1/2-1/2

[Event "Olomouc Inline Czechia Cup"]
[Site "Olomouc"]
[Date "2006.08.04"]
[Round "3"]
[White "Chytilek, Roman"]
[Black "Cuenca Jimenez, Jose Fernando"]
[Result "1-0"]
[WhiteElo "2392"]
[BlackElo "2417"]
[PlyCount "121"]
[EventDate "2006.08.02"]
[EventType "tourn"]
[EventRounds "11"]
[EventCountry "CZE"]
[EventCategory "3"]
[SourceTitle "CBM 113 Extra"]
[Source "ChessBase"]
[SourceDate "2006.09.14"]
[SourceVersion "1"]
[SourceVersionDate "2006.09.14"]
[SourceQuality "1"]

1. e4 e6 2. d4 d5 3. Nc3 Nf6 4. Bg5 dxe4 5. Nxe4 Be7 6. Bxf6 gxf6 7. Nf3 a6 8.
c4 f5 9. Nc3 c5 10. d5 Bf6 11. Qc2 e5 12. Nd2 Bg7 13. O-O-O O-O 14. f3 b5 15.
Bd3 Qf6 16. Rdf1 Bh6 17. g4 Bxd2+ 18. Qxd2 bxc4 19. Bxf5 Bxf5 20. gxf5 Qxf5 21.
Rhg1+ Kh8 22. Rg5 Qf4 23. Qxf4 exf4 24. Re1 Nd7 25. Re7 Rad8 26. Rf5 Kg7 27.
Rxf4 Nb6 28. Ra7 Nxd5 29. Nxd5 Rxd5 30. Rxa6 Rd3 31. Rg4+ Kh8 32. Ra3 Rd4 33.
Rc3 Rfd8 34. Rxd4 Rxd4 35. a4 Kg7 36. a5 Kf6 37. a6 Rd7 38. Rxc4 Ra7 39. Ra4
Ke5 40. Kc2 Kd5 41. Kc3 Kc6 42. Kc4 Kb6 43. h4 h5 44. f4 Kc6 45. f5 Kb6 46. b4
cxb4 47. Kxb4 Re7 48. Kc3 Ka7 49. Kd4 f6 50. Ra5 Re1 51. Rd5 Rd1+ 52. Kc5 Rc1+
53. Kd6 Re1 54. Kd7 Re4 55. Rd6 Rxh4 56. Rxf6 Rf4 57. Ke6 Re4+ 58. Kd5 Ra4 59.
Rh6 Ra5+ 60. Ke4 h4 61. Kf4 1-0

[Event "Olomouc Inline Czechia Cup"]
[Site "Olomouc"]
[Date "2006.08.04"]
[Round "4"]
[White "Cuenca Jimenez, Jose Fernando"]
[Black "Skjoldborg, Jesper"]
[Result "1/2-1/2"]
[WhiteElo "2417"]
[BlackElo "2290"]
[PlyCount "61"]
[EventDate "2006.08.02"]
[EventType "tourn"]
[EventRounds "11"]
[EventCountry "CZE"]
[EventCategory "3"]
[SourceTitle "CBM 113 Extra"]
[Source "ChessBase"]
[SourceDate "2006.09.14"]
[SourceVersion "1"]
[SourceVersionDate "2006.09.14"]
[SourceQuality "1"]

1. c4 e5 2. g3 Nf6 3. Bg2 d5 4. cxd5 Nxd5 5. Nc3 Nb6 6. Nf3 Nc6 7. O-O Be7 8.
a3 O-O 9. b4 Be6 10. d3 a5 11. b5 Nd4 12. Rb1 Nxf3+ 13. Bxf3 Nd5 14. Qc2 Nxc3
15. Qxc3 Ba2 16. Ra1 Bd5 17. Bxd5 Qxd5 18. Qxc7 Bf6 19. Qc4 Qd7 20. Rb1 Rfc8
21. Qa4 Qd4 22. Qb3 Rc3 23. Qd1 Qd5 24. a4 Rac8 25. Bd2 Rc2 26. Bxa5 Qa2 27.
Ra1 Qb3 28. e3 h6 29. Qf3 e4 30. Qxe4 Bxa1 31. Rxa1 1/2-1/2

[Event "Olomouc Inline Czechia Cup"]
[Site "Olomouc"]
[Date "2006.08.05"]
[Round "5"]
[White "Kersten, Uwe"]
[Black "Cuenca Jimenez, Jose Fernando"]
[Result "0-1"]
[WhiteElo "2329"]
[BlackElo "2417"]
[PlyCount "114"]
[EventDate "2006.08.02"]
[EventType "tourn"]
[EventRounds "11"]
[EventCountry "CZE"]
[EventCategory "3"]
[SourceTitle "CBM 113 Extra"]
[Source "ChessBase"]
[SourceDate "2006.09.14"]
[SourceVersion "1"]
[SourceVersionDate "2006.09.14"]
[SourceQuality "1"]

1. e4 e5 2. Nf3 Nc6 3. Bb5 Nf6 4. d3 d6 5. c3 g6 6. O-O Bg7 7. Re1 O-O 8. Nbd2
a6 9. Ba4 b5 10. Bb3 Na5 11. Bc2 c5 12. d4 exd4 13. cxd4 cxd4 14. Nxd4 Re8 15.
Nf1 Bb7 16. Ng3 h5 17. Nf3 Ng4 18. h3 Ne5 19. Ng5 h4 20. Nf1 Rc8 21. f4 Nd7 22.
Rb1 Qc7 23. Ne3 Nf6 24. f5 gxf5 25. b4 f4 26. bxa5 Qc5 27. Bb3 Qxg5 28. Nd5
Nxe4 29. Bxf4 Qg6 30. Rc1 Rxc1 31. Qxc1 Qf5 32. Nb6 Re7 33. Qe3 Bf6 34. Qc1 d5
35. Kh2 d4 36. Bc2 Be5 37. Rf1 Qh5 38. Kg1 Ng3 39. Bd3 Nxf1 40. Bxf1 Bxf4 41.
Qxf4 Qe5 42. Qg4+ Qg7 43. Qxh4 Qe5 44. Qg4+ Kh8 45. Qh4+ Kg8 46. Qg4+ Qg7 47.
Qh4 f5 48. a4 d3 49. Qf2 bxa4 50. Bxd3 Qa1+ 51. Kh2 Qe5+ 52. Kg1 Qe1+ 53. Qxe1
Rxe1+ 54. Kf2 Ra1 55. Bxf5 a3 56. Kg3 Rg1 57. Be6+ Kg7 0-1

[Event "Olomouc Inline Czechia Cup"]
[Site "Olomouc"]
[Date "2006.08.06"]
[Round "6"]
[White "Cuenca Jimenez, Jose Fernando"]
[Black "Swicarz, Maciej"]
[Result "0-1"]
[WhiteElo "2417"]
[BlackElo "2268"]
[PlyCount "126"]
[EventDate "2006.08.02"]
[EventType "tourn"]
[EventRounds "11"]
[EventCountry "CZE"]
[EventCategory "3"]
[SourceTitle "CBM 113 Extra"]
[Source "ChessBase"]
[SourceDate "2006.09.14"]
[SourceVersion "1"]
[SourceVersionDate "2006.09.14"]
[SourceQuality "1"]

1. c4 e6 2. g3 d5 3. Bg2 c6 4. Nf3 Nd7 5. b3 Qb6 6. O-O f5 7. d3 Ngf6 8. Nc3
Bb4 9. Qc2 O-O 10. a3 Be7 11. e4 fxe4 12. dxe4 dxc4 13. bxc4 Ng4 14. Na4 Qa5
15. h3 Nge5 16. Nxe5 Qxe5 17. Be3 Qh5 18. f4 e5 19. f5 b6 20. Rfd1 c5 21. Rd3
Nb8 22. Nc3 Nc6 23. Qa4 Qe8 24. Nd5 Bd8 25. g4 Na5 26. Qc2 Ba6 27. Rc3 Rc8 28.
Rc1 Kh8 29. Qd1 Bb7 30. g5 Bxd5 31. cxd5 Nb7 32. Qg4 Nd6 33. g6 Qe7 34. gxh7
Qh4 35. Qg6 Bf6 36. a4 Qxh7 37. Qg4 Rg8 38. Rf1 g6 39. fxg6 Rxg6 40. Qe6 Bg7
41. Qd7 Rg8 42. Rc2 Nxe4 43. a5 Rg3 44. Bc1 Ng5 45. Qf5 Nxh3+ 46. Kh2 Qh4 47.
Bxh3 Rf8 48. Rc4 Rxh3+ 49. Qxh3 Qxh3+ 50. Kxh3 Rxf1 51. a6 Kg8 52. Kg2 Rd1 53.
Kf3 Kf7 54. Ke4 Ke7 55. Be3 Ra1 56. Kf5 Kd6 57. Rg4 Bf8 58. Rg8 Kxd5 59. Rg2
Rxa6 60. Rd2+ Kc6 61. Rd8 Bd6 62. Ke6 Bc7 63. Rc8 b5 0-1

[Event "Olomouc Inline Czechia Cup"]
[Site "Olomouc"]
[Date "2006.08.06"]
[Round "7"]
[White "Cifka, Stanislav"]
[Black "Cuenca Jimenez, Jose Fernando"]
[Result "1/2-1/2"]
[WhiteElo "2342"]
[BlackElo "2417"]
[PlyCount "129"]
[EventDate "2006.08.02"]
[EventType "tourn"]
[EventRounds "11"]
[EventCountry "CZE"]
[EventCategory "3"]
[SourceTitle "CBM 113 Extra"]
[Source "ChessBase"]
[SourceDate "2006.09.14"]
[SourceVersion "1"]
[SourceVersionDate "2006.09.14"]
[SourceQuality "1"]

1. d4 Nf6 2. Bg5 d6 3. Bxf6 exf6 4. e3 g6 5. g3 Bg7 6. Bg2 f5 7. Ne2 h5 8. h4
O-O 9. c4 c5 10. Nbc3 Nc6 11. dxc5 Ne5 12. Qxd6 Qa5 13. Bd5 Rd8 14. Qe7 Rd7 15.
Qe8+ Kh7 16. O-O Qxc5 17. Rfd1 Ng4 18. b4 Qc7 19. Bg2 Rxd1+ 20. Rxd1 Nf6 21.
Qb5 Rb8 22. Nd5 Nxd5 23. cxd5 Bf8 24. Rc1 Qd6 25. Qc5 a6 26. a3 Bd7 27. Kf1 Bb5
28. Ke1 Bxe2 29. Kxe2 Qf6 30. Qc2 Bd6 31. Kf1 Rd8 32. Bf3 Kg7 33. Kg2 Kh7 34.
Qb3 Qe7 35. Rc4 Rd7 36. Qd3 Rc7 37. Rxc7 Qxc7 38. Qd4 Kg8 39. Be2 Qe7 40. Qa7
Kh7 41. Bd3 Qc7 42. b5 axb5 43. Bxb5 Qe7 44. a4 Bc5 45. Qb8 Qe4+ 46. Kg1 Qxd5
47. Bf1 b6 48. Qc7 Kg7 49. Bb5 Qe4 50. a5 Qb4 51. Be8 Qb1+ 52. Kh2 Qa2 53. Kg1
Qb1+ 54. Kh2 Qa2 55. Kg2 Qd5+ 56. Kg1 bxa5 57. Bxf7 Qd6 58. Qxd6 Bxd6 59. Be8
Kf6 60. Kg2 Kg7 61. Kf3 Kh6 62. Bd7 Be7 63. e4 fxe4+ 64. Kxe4 Bc5 65. Kf3
1/2-1/2

[Event "Olomouc Inline Czechia Cup"]
[Site "Olomouc"]
[Date "2006.08.07"]
[Round "8"]
[White "Cuenca Jimenez, Jose Fernando"]
[Black "Kotan, Ladislav"]
[Result "1-0"]
[WhiteElo "2417"]
[BlackElo "2289"]
[PlyCount "69"]
[EventDate "2006.08.02"]
[EventType "tourn"]
[EventRounds "11"]
[EventCountry "CZE"]
[EventCategory "3"]
[SourceTitle "CBM 113 Extra"]
[Source "ChessBase"]
[SourceDate "2006.09.14"]
[SourceVersion "1"]
[SourceVersionDate "2006.09.14"]
[SourceQuality "1"]

1. c4 e6 2. g3 d5 3. Bg2 Nf6 4. Nf3 dxc4 5. Qa4+ Nbd7 6. Qxc4 c5 7. Qc2 b6 8.
O-O Bb7 9. d3 Be7 10. b3 Nd5 11. Bb2 Bf6 12. Nbd2 Bxb2 13. Qxb2 O-O 14. Nc4 Qe7
15. Rfe1 Rfe8 16. d4 N5f6 17. Red1 Red8 18. Rac1 Rac8 19. Qa3 Bd5 20. Qxa7 Ra8
21. Qc7 Rxa2 22. Nxb6 Ne8 23. Nxd5 exd5 24. Qf4 Rxe2 25. dxc5 Re4 26. Qg5 Nef6
27. Nd4 Rc8 28. Bxe4 dxe4 29. Nf5 Qf8 30. Rxd7 Nxd7 31. Ne7+ Kh8 32. Nxc8 Qxc8
33. c6 Nf8 34. c7 Ne6 35. Qb5 1-0